[Event "Titled Tuesday intern op 16th Apr Early"]
[Site "Chess.com INT"]
[Date "2024.04.16"]
[Round "9"]
[White "Gelman, Alexander"]
[Black "Tikhonov, Viacheslav"]
[Result "1/2-1/2"]
[WhiteElo "2403"]
[BlackElo "2160"]
[PlyCount "85"]
[EventDate "2024.04.16"]
[EventType "swiss (blitz)"]
[EventRounds "11"]
[EventCountry "USA"]
[SourceTitle "CB17_2024"]
[SourceDate "2024.04.24"]
[SourceVersion "1"]
[SourceVersionDate "2024.04.24"]
[SourceQuality "1"]

1. c4 c5 2. Nf3 Nc6 3. e3 e5 4. d3 g6 5. a3 Bg7 6. Nc3 Nge7 7. Be2 0-0 8. 0-0 a5 9. Rb1 d6 10. b3 h6 11. Bb2 Be6 12. Nd2 d5 13. cxd5 Nxd5 14. Nxd5 Bxd5 15. Qc2 Rc8 16. Bf3 b6 17. Rfd1 Bxf3 18. Nxf3 Qd5 19. Nd2 Qe6 20. h3 Rfd8 21. Rbc1 Kh7 22. Nc4 Ne7 23. e4 Rb8 24. a4 Nc6 25. Bc3 f5 26. Qe2 f4 27. Qg4 Qxg4 28. hxg4 g5 29. Kf1 Kg6 30. Ke2 Bf6 31. f3 Rb7 32. Rh1 Rbb8 33. Rh3 Bg7 34. Rhh1 Bf6 35. Na3 Rd7 36. Nb5 Rbd8 37. Rhd1 Bg7 38. Na3 Rb8 39. Nc4 Bf6 40. Rg1 Bg7 41. Rgd1 Bf6 42. Rd2 Bg7 43. Rdd1 1/2-1/2

[Event "Titled Tuesday intern op 16th Apr Late"]
[Site "Chess.com INT"]
[Date "2024.04.16"]
[Round "8"]
[White "Martine, Jean Christophe"]
[Black "Tikhonov, Viacheslav"]
[Result "0-1"]
[WhiteElo "1998"]
[BlackElo "2160"]
[PlyCount "52"]
[EventDate "2024.04.16"]
[EventType "swiss (blitz)"]
[EventRounds "11"]
[EventCountry "USA"]
[SourceTitle "CB17_2024"]
[SourceDate "2024.04.24"]
[SourceVersion "1"]
[SourceVersionDate "2024.04.24"]
[SourceQuality "1"]

1. d4 Nf6 2. Nd2 d5 3. Ngf3 g6 4. e3 Bg7 5. Bd3 0-0 6. 0-0 b6 7. Qe2 Bb7 8. c3 c5 9. e4 cxd4 10. cxd4 dxe4 11. Nxe4 Nc6 12. Rd1 Nb4 13. Bb1 Nxe4 14. Bxe4 Bxe4 15. Qxe4 Qd5 16. Qxd5 Nxd5 17. a3 Rac8 18. Bg5 Rc2 19. Rd2 Rfc8 20. Rad1 h6 21. Be3 e6 22. h3 Kh7 23. Ne5 Bxe5 24. dxe5 Kg7 25. Bd4 Nf4 26. Kf1 Rxd2 0-1

[Event "Titled Tuesday intern op 02nd Apr Late"]
[Site "Chess.com INT"]
[Date "2024.04.02"]
[Round "1"]
[White "Duda, Jan Krzysztof"]
[Black "Tikhonov, Viacheslav"]
[Result "1-0"]
[WhiteElo "2731"]
[BlackElo "2160"]
[PlyCount "47"]
[EventDate "2024.04.02"]
[EventType "swiss (blitz)"]
[EventRounds "11"]
[EventCountry "USA"]
[SourceTitle "CB15_2024"]
[SourceDate "2024.04.10"]
[SourceVersion "1"]
[SourceVersionDate "2024.04.10"]
[SourceQuality "1"]

1. e4 c5 2. Nf3 g6 3. d4 cxd4 4. Qxd4 Nf6 5. Nc3 Nc6 6. Qa4 d6 7. e5 dxe5 8. Nxe5 Bd7 9. Nxd7 Nxd7 10. Bd2 Bg7 11. 0-0-0 Qc8 12. h4 h5 13. g3 Nf6 14. Bh3 Qc7 15. Nb5 Qb8 16. Bf4 Bh6 17. Bxh6 Rxh6 18. Rhe1 a6 19. Nd4 Qc7 20. Nxc6 Qxc6 21. Qf4 Rh8 22. Rd6 Nd5 23. Qd4 Qxd6 24. Qxh8# 1-0

[Event "Titled Tuesday intern op 02nd Apr Early"]
[Site "Chess.com INT"]
[Date "2024.04.02"]
[Round "4"]
[White "Tikhonov, Viacheslav"]
[Black "Arca, Christian Gian Karl"]
[Result "1-0"]
[WhiteElo "2160"]
[BlackElo "2283"]
[PlyCount "65"]
[EventDate "2024.04.02"]
[EventType "swiss (blitz)"]
[EventRounds "11"]
[EventCountry "USA"]
[SourceTitle "CB15_2024"]
[SourceDate "2024.04.10"]
[SourceVersion "1"]
[SourceVersionDate "2024.04.10"]
[SourceQuality "1"]

1. e4 c6 2. d4 d5 3. Nc3 dxe4 4. Nxe4 Bf5 5. Ng3 Bg6 6. h4 h6 7. N1e2 e6 8. Nf4 Bh7 9. Bc4 Nf6 10. Nfh5 Nbd7 11. c3 Nxh5 12. Nxh5 Nf6 13. Bf4 Nxh5 14. Qxh5 Bd6 15. Bxd6 Qxd6 16. 0-0 0-0 17. Rfe1 Qf4 18. g3 Qd6 19. a4 Rfd8 20. Re5 Bg6 21. Qe2 Rac8 22. Re1 Bf5 23. b4 b6 24. Qh5 Bg6 25. Qe2 Bh7 26. Qh5 Bc2 27. Rxe6 fxe6 28. Rxe6 Kh8 29. Rxd6 Rxd6 30. Qe5 Rcd8 31. Qe2 Bxa4 32. Qe4 Bb5 33. Bb3 1-0

[Event "Titled Tuesday intern op 02nd Apr Early"]
[Site "Chess.com INT"]
[Date "2024.04.02"]
[Round "7"]
[White "Tikhonov, Viacheslav"]
[Black "Kanter, Eduard"]
[Result "1-0"]
[WhiteElo "2160"]
[BlackElo "2344"]
[PlyCount "43"]
[EventDate "2024.04.02"]
[EventType "swiss (blitz)"]
[EventRounds "11"]
[EventCountry "USA"]
[SourceTitle "CB15_2024"]
[SourceDate "2024.04.10"]
[SourceVersion "1"]
[SourceVersionDate "2024.04.10"]
[SourceQuality "1"]

1. e4 c5 2. Nf3 d6 3. Nc3 Nc6 4. Bb5 Bd7 5. d4 cxd4 6. Nxd4 Nf6 7. 0-0 g6 8. h3 Bg7 9. Be3 0-0 10. Be2 a6 11. a4 Qc7 12. f4 Nxd4 13. Bxd4 Bc6 14. Bf3 b5 15. axb5 axb5 16. Rxa8 Rxa8 17. e5 dxe5 18. fxe5 Ne8 19. e6 Bxf3 20. exf7+ Kxf7 21. Qxf3+ Bf6 22. Qxa8 1-0

[Event "Titled Tuesday intern op 02nd Apr Early"]
[Site "Chess.com INT"]
[Date "2024.04.02"]
[Round "1"]
[White "Tikhonov, Viacheslav"]
[Black "Schoenfeld, Gabriel"]
[Result "1-0"]
[WhiteElo "2160"]
[BlackElo "1866"]
[PlyCount "26"]
[EventDate "2024.04.02"]
[EventType "swiss (blitz)"]
[EventRounds "11"]
[EventCountry "USA"]
[SourceTitle "CB15_2024"]
[SourceDate "2024.04.10"]
[SourceVersion "1"]
[SourceVersionDate "2024.04.10"]
[SourceQuality "1"]

1. e4 c6 2. d4 d5 3. Nc3 dxe4 4. Nxe4 Nd7 5. Nf3 Ngf6 6. Neg5 h6 7. Ne6 fxe6 8. Bd3 Kf7 9. Ne5+ Nxe5 10. dxe5 Qa5+ 11. c3 Qxe5+ 12. Be3 g5 13. 0-0 Ng4 1-0

[Event "Titled Tuesday intern op 13th Feb Late"]
[Site "Chess.com INT"]
[Date "2024.02.13"]
[Round "6"]
[White "Bardyk, Artem"]
[Black "Tikhonov, Viacheslav"]
[Result "1-0"]
[WhiteElo "2192"]
[BlackElo "2160"]
[PlyCount "57"]
[EventDate "2024.02.13"]
[EventType "swiss (blitz)"]
[EventRounds "11"]
[EventCountry "USA"]
[SourceTitle "CB08_2024"]
[SourceDate "2024.02.21"]
[SourceVersion "1"]
[SourceVersionDate "2024.02.21"]
[SourceQuality "1"]

1. e4 c5 2. c3 g6 3. d4 cxd4 4. cxd4 d5 5. exd5 Nf6 6. Bb5+ Bd7 7. Bc4 b5 8. Bb3 a5 9. a3 Bc8 10. Nc3 a4 11. Ba2 Qd7 12. Nf3 Bb7 13. 0-0 Nxd5 14. Ne5 Qd8 15. Qf3 f6 16. Bxd5 Bxd5 17. Qxd5 Qxd5 18. Nxd5 fxe5 19. Nc7+ Kd7 20. Nxa8 Kc6 21. dxe5 Kb7 22. Rd1 Bg7 23. Rd5 Kxa8 24. Rxb5 Nc6 25. Be3 Rd8 26. Rc1 Nxe5 27. Kf1 Rb8 28. Ra5+ Kb7 29. Ra7# 1-0

[Event "Titled Tuesday intern op 13th Feb Early"]
[Site "Chess.com INT"]
[Date "2024.02.13"]
[Round "6"]
[White "Lagno, Kateryna"]
[Black "Tikhonov, Viacheslav"]
[Result "1-0"]
[WhiteElo "2542"]
[BlackElo "2160"]
[PlyCount "125"]
[EventDate "2024.02.13"]
[EventType "swiss (blitz)"]
[EventRounds "11"]
[EventCountry "USA"]
[SourceTitle "CB08_2024"]
[SourceDate "2024.02.21"]
[SourceVersion "1"]
[SourceVersionDate "2024.02.21"]
[SourceQuality "1"]

1. e4 c5 2. Nf3 Nc6 3. Nc3 g6 4. Bb5 Bg7 5. d3 Nd4 6. Bc4 d6 7. Nxd4 cxd4 8. Ne2 e6 9. h4 h5 10. Bb3 Bd7 11. a4 Bc6 12. Bg5 Qd7 13. a5 d5 14. f3 Ne7 15. Qd2 a6 16. 0-0 0-0-0 17. Qb4 f6 18. Bd2 e5 19. Qb6 Qc7 20. Bb4 Qxb6 21. axb6 Rhe8 22. Ra5 Bf8 23. c3 dxc3 24. Nxc3 d4 25. Ne2 Bh6 26. Bf7 Rf8 27. Be6+ Bd7 28. Bxe7 Bxe6 29. Rc5+ Kb8 30. Rc7 Be3+ 31. Kh2 Rfe8 32. Bxf6 Rd7 33. Bxe5 Rxc7 34. Bxc7+ Kc8 35. Be5 Rd8 36. Bf6 Rd6 37. Be5 Rd7 38. f4 Bb3 39. f5 Rf7 40. Nxd4 Bxd4 41. Bxd4 gxf5 42. exf5 Kd7 43. f6 Ke6 44. Bc3 Bd5 45. Re1+ Kd6 46. Re5 Bc6 47. Rxh5 Ke6 48. Rg5 Rf8 49. g4 Rh8 50. Kg3 Rd8 51. Re5+ Kf7 52. Re7+ Kf8 53. Re3 Kf7 54. h5 Bd5 55. Kh4 Be6 56. g5 Rd6 57. g6+ Ke8 58. Kg5 Kd7 59. f7 Ke7 60. Bg7 Rd8 61. f8Q+ Rxf8 62. Bxf8+ Kd7 63. Rxe6 1-0

[Event "Titled Tuesday intern op 06th Feb Early"]
[Site "Chess.com INT"]
[Date "2024.02.06"]
[Round "10"]
[White "Joel Paul, Ganta"]
[Black "Tikhonov, Viacheslav"]
[Result "0-1"]
[WhiteElo "1989"]
[BlackElo "2160"]
[PlyCount "164"]
[EventDate "2024.02.06"]
[EventType "swiss (blitz)"]
[EventRounds "11"]
[EventCountry "USA"]
[SourceTitle "CB07_2024"]
[SourceDate "2024.02.14"]
[SourceVersion "1"]
[SourceVersionDate "2024.02.14"]
[SourceQuality "1"]

1. e4 c5 2. Nf3 Nc6 3. Bc4 g6 4. 0-0 Bg7 5. c3 d6 6. h3 Nf6 7. Re1 0-0 8. d4 cxd4 9. cxd4 d5 10. exd5 Nxd5 11. Nc3 Nb6 12. d5 Nxc4 13. dxc6 Qxd1 14. Nxd1 bxc6 15. Rxe7 Rd8 16. Re1 Bf5 17. Bg5 Rd7 18. Rc1 Nxb2 19. Nxb2 Bxb2 20. Rxc6 Kg7 21. Ne5 Rb7 22. Bf6+ Kg8 23. g4 Be6 24. g5 Bxa2 25. Nc4 Bxc4 26. Bxb2 Rxb2 27. Rxc4 Rb5 28. h4 Rf5 29. Ree4 a5 30. Kg2 Kf8 31. Kg3 Re8 32. Red4 Ree5 33. f4 Re3+ 34. Kg4 Re8 35. Ra4 Ra8 36. Rd7 Ke8 37. Rb7 Kf8 38. Re4 Rc5 39. Ree7 Rf5 40. Re4 a4 41. Re2 a3 42. Rb1 a2 43. Ra1 Rfa5 44. h5 Ra3 45. hxg6 hxg6 46. Rh2 R8a4 47. Rh8+ Ke7 48. Re1+ Kd7 49. Ra1 Rb4 50. Rh2 Rba4 51. Rd2+ Kc6 52. Rc1+ Kb5 53. Rb2+ Rb4 54. Rf2 Rb1 55. Rxa2 Rxc1 56. Rxa3 Rc7 57. Re3 Rd7 58. Re5+ Kc4 59. f5 Rd4+ 60. Kg3 gxf5 61. Rxf5 Rd7 62. Kf4 Kd4 63. Ra5 Rc7 64. Kf5 Ke3 65. Kf6 Kf4 66. Rf5+ Kg4 67. Kg7 Kxf5 68. Kh6 Rc8 69. Kg7 Kxg5 70. Kxf7 Rc6 71. Ke7 Kf5 72. Kd7 Re6 73. Kc7 Ke5 74. Kd7 Kd5 75. Kc7 Rd6 76. Kb7 Rc6 77. Ka7 Kc5 78. Kb7 Kb5 79. Ka7 Rb6 80. Ka8 Kc6 81. Ka7 Kc7 82. Ka8 Ra6# 0-1

[Event "Titled Tuesday intern op 06th Feb Early"]
[Site "Chess.com INT"]
[Date "2024.02.06"]
[Round "11"]
[White "Tikhonov, Viacheslav"]
[Black "Samant, Aditya S"]
[Result "0-1"]
[WhiteElo "2160"]
[BlackElo "2512"]
[PlyCount "90"]
[EventDate "2024.02.06"]
[EventType "swiss (blitz)"]
[EventRounds "11"]
[EventCountry "USA"]
[SourceTitle "CB07_2024"]
[SourceDate "2024.02.14"]
[SourceVersion "1"]
[SourceVersionDate "2024.02.14"]
[SourceQuality "1"]

1. e4 c5 2. Nf3 d6 3. Nc3 Nf6 4. e5 dxe5 5. Nxe5 Bd7 6. g3 Nc6 7. Nxd7 Qxd7 8. Bg2 g6 9. 0-0 Bg7 10. d3 0-0 11. Ne4 b6 12. Rb1 Rac8 13. Be3 Nd5 14. Bd2 h6 15. Nc3 Nf6 16. Re1 e6 17. Qc1 Kh7 18. Ne4 Nxe4 19. Bxe4 Nd4 20. c3 Nc6 21. Qc2 Rfd8 22. Re3 Kg8 23. Rbe1 Ne5 24. h3 f5 25. Bg2 Nxd3 26. R1e2 e5 27. c4 e4 28. Bc3 Nb4 29. Bxb4 cxb4 30. Qb3 Qd1+ 31. Kh2 Qxb3 32. axb3 Bd4 33. g4 Bxe3 34. Rxe3 Rd3 35. Re2 Rxb3 36. gxf5 gxf5 37. h4 Rxc4 38. Bh3 Rc5 39. Rd2 a5 40. Rd6 Rxb2 41. Rxh6 Rxf2+ 42. Kg3 Rf3+ 43. Kg2 Rc2+ 44. Kg1 Rxh3 45. Rxb6 Rb3 0-1